Encyclopedia of the Bible and its reception Vol.-19 (Record no. 27957)

MARC details
000 -LEADER
fixed length control field 00447nam a22001577a 4500
003 - CONTROL NUMBER IDENTIFIER
control field OSt
005 - DATE AND TIME OF LATEST TRANSACTION
control field 20241206121450.0
008 - FIXED-LENGTH DATA ELEMENTS--GENERAL INFORMATION
fixed length control field 241206b |||||||| |||| 00| 0 eng d
020 ## - INTERNATIONAL STANDARD BOOK NUMBER
International Standard Book Number 9783110313369
082 ## - DEWEY DECIMAL CLASSIFICATION NUMBER
Classification number 220.3
100 ## - MAIN ENTRY--PERSONAL NAME
Personal name Midrash
245 ## - TITLE STATEMENT
Title Encyclopedia of the Bible and its reception Vol.-19
Statement of responsibility, etc by, Midrash and Aggadah Mourning
260 ## - PUBLICATION, DISTRIBUTION, ETC. (IMPRINT)
Place of publication, distribution, etc Berlin
Name of publisher, distributor, etc Walter de Gruyter
Date of publication, distribution, etc 2021
700 ## - ADDED ENTRY--PERSONAL NAME
Personal name Mourning, Aggadah
Relator term Author
942 ## - ADDED ENTRY ELEMENTS (KOHA)
Source of classification or shelving scheme Dewey Decimal Classification
Koha item type Books
Holdings
Withdrawn status Lost status Source of classification or shelving scheme Damaged status Not for loan Collection code Home library Current library Date acquired Total Checkouts Full call number Barcode Date last seen Price effective from Koha item type
    Dewey Decimal Classification     General Text Book Central University Of Rajasthan Central University Of Rajasthan 06/12/2024   220.3 F97E 40431 06/12/2024 06/12/2024 Books